Pokémon 1ºgen - Statistics

Estatísticas Gerais
  • Esse quiz foi jogado 47 vezes
  • A pontuação média é 8 de 15
Estatísticas das Respostas
Tipo Resposta % Correto
snake ekans
75%
campeão de luta Machamp
75%
ornitorrinco psíquico psyduck
70%
primeiro mio mew
68%
segundo mio mewtwo
65%
estrela do mar staryu
65%
rainha nidoqueen
60%
caranguejo do inseto paras
60%
Pokémon normal muito comum ratata
58%
Mano lento slowbro
55%
evolução final do mano geografia golem
45%
evolução do PICHAKU raychu
40%
planta venenosa e muito tanque fisico Venusaur
35%
Evolução ramificada Pokémon da ultimoestágio de evolução do tipo agua vaporeon
25%
pre evolução do RAYPICHA picachu
13%
Nenhum quiz correspondente encontrado
Distribuição das Pontuações
Porcentagem de Pessoas com Cada Pontuação
Percentil de Números Respondidos
Sua Pontuação Histórica
Você não jogou esse quiz